书目信息 |
| 题名: |
现代控制理论
|
|
| 作者: | 杨清宇 , 马训鸣 , 朱洪艳 , 连峰 编著 | |
| 分册: | ||
| 出版信息: | 西安 西安交通大学出版社 2020.03 |
|
| 页数: | 247页 | |
| 开本: | 27cm | |
| 丛书名: | ||
| 单 册: | ||
| 中图分类: | O231 | |
| 科图分类: | ||
| 主题词: | 现代控制理论--xian dai kong zhi li lun--高等学校--教材 | |
| 电子资源: | ||
| ISBN: | 978-7-5693-1543-1 | |
| 000 | 01159nam0 2200301 450 | |
| 001 | 2058088645 | |
| 005 | 20201105160829.45 | |
| 010 | @a978-7-5693-1543-1@dCNY43.00 | |
| 100 | @a20200529d2020 em y0chiy50 ea | |
| 101 | 0 | @achi |
| 102 | @aCN@b610000 | |
| 105 | @aa a 000yy | |
| 200 | 1 | @a现代控制理论@Axian dai kong zhi li lun@f杨清宇 ... [等] 编著 |
| 205 | @a第2版 | |
| 210 | @a西安@c西安交通大学出版社@d2020.03 | |
| 215 | @a247页@c图@d27cm | |
| 304 | @a题名页题其余责任者: 马训鸣, 朱洪艳, 连峰 | |
| 320 | @a有书目 (第246-247页) | |
| 330 | @a本书较为全面的介绍了线性控制系统的状态空间分析与设计方法, 以及最优控制、最优估计与滤波的基本知识。全书共分8章, 内容阐述由浅入深, 通俗易懂, 基本概念、基本原理叙述清楚, 语言简练, 注重全书各章节的衔接。 | |
| 333 | @a西安交通大学本科“十三五”规划教材 2018年陕西普通高等学校优秀教材 | |
| 606 | 0 | @a现代控制理论@Axian dai kong zhi li lun@x高等学校@j教材 |
| 690 | @aO231@v5 | |
| 701 | 0 | @a杨清宇@Ayang qing yu@4编著 |
| 701 | 0 | @a马训鸣@Ama xun ming@4编著 |
| 701 | 0 | @a朱洪艳@Azhu hong yan@4编著 |
| 701 | 0 | @a连峰@Alian feng@4编著 |
| 801 | 0 | @aCN@b人天书店@c20201005 |
| 905 | @aZUCC@dO231@eY248 | |
| 现代控制理论/杨清宇 ... [等] 编著.-第2版.-西安:西安交通大学出版社,2020.03 |
| 247页:图;27cm |
| 使用对象:西安交通大学本科“十三五”规划教材 2018年陕西普通高等学校优秀教材 |
| ISBN 978-7-5693-1543-1:CNY43.00 |
| 本书较为全面的介绍了线性控制系统的状态空间分析与设计方法, 以及最优控制、最优估计与滤波的基本知识。全书共分8章, 内容阐述由浅入深, 通俗易懂, 基本概念、基本原理叙述清楚, 语言简练, 注重全书各章节的衔接。 |
| ● |
| 相关链接 |
|
|
|
正题名:现代控制理论
索取号:O231/Y248
 
预约/预借
| 序号 | 登录号 | 条形码 | 馆藏地/架位号 | 状态 | 备注 |
| 1 | 1479389 | 214793892 | 自科库401/401自科库 48排6列1层/ [索取号:O231/Y248] | 在馆 | |
| 2 | 1479390 | 214793909 | 自科库401/401自科库 48排6列1层/ [索取号:O231/Y248] | 在馆 |